Compound Word Overlap Quiz Stats

 Plays Quiz Updated Dec 8, 2013

Score 0/24 Timer 03:00
2 Plays Today
Compound Word Pair Overlapping Word % Correct
drift______, ______peckerwood
87.2%
corn______, ______crumbbread
86.8%
cock______, ______witnesseye
86.3%
gentle______, ______holeman
85.5%
pine______, ______sauceapple
84.5%
cork______, ______driverscrew
83.7%
pea______, ______shellnut
82.5%
with______, ______doorin
82.4%
over______, ______joykill
80.9%
crack______, ______holepot
77.4%
hi______, ______potjack
75.6%
pan______, ______barhandle
74.9%
Compound Word Pair Overlapping Word % Correct
desk______, ______coattop
74.4%
box______, ______portcar
73.7%
stock______, ______stickyard
73.1%
hook______, ______windup
69.2%
body______, ______railguard
68.2%
over______, ______pointview
68.1%
bull______, ______housedog
67.5%
kick______, ______lineoff
65.7%
head______, ______backquarter
64.3%
gold______, ______hookfish
63.2%
foot______, ______horserace
58.3%
back______, ______jamlog
56.3%

You're not logged in!

Compare scores with friends on all Sporcle quizzes.
OR
Log In

You Might Also Like...

Show Comments

Extras

Top Quizzes Today


Score Distribution

Your Account Isn't Verified!

In order to create a playlist on Sporcle, you need to verify the email address you used during registration. Go to your Sporcle Settings to finish the process.

Report this User

Report this user for behavior that violates our Community Guidelines.

Details: